Normal view
MARC view
- Syed Irfan Shah
Entry Personal Name
001 - CONTROL NUMBER
- control field: 84279
003 - CONTROL NUMBER IDENTIFIER
- control field: NUST
005 - DATE AND TIME OF LATEST TRANSACTION
- control field: 20211116152829.0
008 - FIXED-LENGTH DATA ELEMENTS
- fixed length control field: 211116|| aca||aabn | a|a d
040 ## - CATALOGING SOURCE
- Original cataloging agency: NUST
- Transcribing agency: NUST
100 ## - HEADING--PERSONAL NAME
- Personal name: Syed Irfan Shah
670 ## - SOURCE DATA FOUND
- Source citation: Work cat.: (NUST): Syed Irfan Shah , TH-SOF-1865-Design, Implement and Benchmark a Low-Cost Optical Device for Measuring Brix and Dry Matter in Fruits, 2021.
